Manažérska informatika

Saved in:
Bibliographic Details
Main Author: Dudinská, Elvíra
Format: Book
Language:Slovak
Published: Košice IBIS 1996
Edition:1. vyd.
Subjects:
Tags: Add Tag
No Tags, Be the first to tag this record!

MARC

LEADER 00000nam a2200000 4500
001 c016885
005 20221214072701.9
020 |a 80-967048-7-7 
041 0 |a slo 
044 |a SK 
245 1 0 |a Manažérska informatika  |c Elvíra Dudinská 
250 |a 1. vyd. 
264 1 |a Košice  |b IBIS  |c 1996 
300 |a 127 s. 
610 2 0 |a informatika 
610 2 0 |a manažment 
610 2 0 |a systémy informačné 
610 2 0 |a systémy informačné manažérske 
610 2 0 |a systémy automatické 
610 2 0 |a rozhodovanie 
610 2 0 |a právo 
610 2 0 |a technika výpočtová 
610 2 0 |a kriminalita 
610 2 0 |a programovanie 
610 2 0 |a systémy počítačové 
100 1 |a Dudinská, Elvíra